00600 2200217 4500001002100000005001500021035002000036007000300056008004100059020001800100082001200118084001900130100002000149245005800169260004500227300003400272650002700306520002500333990001200358990001200370INLIS00000000000198220180522105933 a0010-0518000052ta180522 g 0 ind  a9786020326092 a371.396 a371.396 RIN k0 aRINI, Inggriani1 aKuliah Jurusan Apa? Jurusan Farmasi /cRini Inggriani aJakarta :bGramedia Pustaka Utama,c2016 axiv, 127 hlm :bilus ;c20 cm aKULIAH DAN PERKULIAHAN aBibliografi: hlm.127 a16710 a a16710 b